Online Catalogue and eLibrary

Diaries in Ceylon 1908-1911 : (Record no. 2861)

MARC details
000 -LEADER
fixed length control field 00541nam a2200145Ia 4500
005 - DATE AND TIME OF LATEST TRANSACTION
control field 20240603051708.0
008 - FIXED-LENGTH DATA ELEMENTS--GENERAL INFORMATION
fixed length control field 240331s9999 xx 000 0 und d
082 ## - DDC Classification
Item Number - Author Mark WOO
DDC Edition Number 2nd
Class No. 352
100 ## - MAIN ENTRY--PERSONAL NAME
Personal name Woolf, L
245 #0 - TITLE STATEMENT
Title Diaries in Ceylon 1908-1911 :
Remainder of title records of a colonial administrator
260 ## - PUBLICATION, DISTRIBUTION, ETC.
Place of publication, distribution, etc. Dehiwala
Name of publisher, distributor, etc. Tisara Press
Date of publication, distribution, etc. 1983
300 ## - PHYSICAL DESCRIPTION
Extent (e.g. Volumes, Pages etc.) xxx,286 p.,
500 ## - GENERAL NOTE
General note The official diaries maintained by Lenard Woolf while Assistant Government Agent of the Hambantota District, Ceylon, during the period August 1908 to May 1911.
942 ## - Koha item type (Biblio)
Koha item type Books in Stacks (Lending)
Holdings
Lost status Damaged status Collection code Home library Current library Shelving location Date acquired Full call number Accession Number Item type
    Lending WERC Library WERC Library Social Science Cupboard 03/31/2024 352 WOO 57 Books in Stacks (Lending)

© WERC Library